| 000 | 01297nam0a22003251 4500 | ||
|---|---|---|---|
| 001 | rc\2344012 | ||
| 005 | 20250623081233.0 | ||
| 035 | _a(NLR Aleph) 006679914 | ||
| 090 |
_a5070795 _c5070795 |
||
| 100 | _a20110829d1977 |||y0rusy50 ca | ||
| 101 | 0 | _arus | |
| 102 | _aRU | ||
| 105 | _aa z ||||| | ||
| 200 | 1 |
_aЭлектровозы и тяговые агрегаты промышленного транспорта _f[Канд. техн. наук В.А. Браташ, В.С. Потапов, В.А. Володарский и др.] _gПод ред. канд. техн. наук В.А. Браташа |
|
| 210 |
_aМосква _cТранспорт _d1977 |
||
| 215 |
_a528 с. _cил. _d22 |
||
| 320 | _aПредм. указ.: с. 521-524 | ||
| 320 | _aСписок лит.: с. 519-520 (39 назв.) | ||
| 606 |
_aЭлектровозы промышленные _2rkp |
||
| 606 |
_aЭлектродвигатели тяговые _2rkp |
||
| 701 | 1 |
_aПотапов _bВ.С. |
|
| 701 | 1 |
_aВолодарский _bВ.А. |
|
| 701 | 1 |
_aБраташ _bВ.А. _gВиктор Александрович |
|
| 801 | 0 |
_aRU _bNLR _gpsbo |
|
| 801 | 1 |
_aRU _bELAR _2rusmarc |
|
| 852 |
_aNLR _j77-5/3881 |
||
| 899 |
_aRuMoRGB _jБ 77-28/641 |
||
| 899 |
_aRuMoRGB _jБ 77-28/642 |
||
| 942 | _cBOOK | ||
| 980 | _aNB | ||